Svetový coworking v Prahe

Informácie o najväčšom česko-slovenskom coworkingovom stredisku Hub Praha. Poskytnutie spoločných priestorov pre podnikateľov. Eliminácia nevýhod práce z domu. Možnosť nadviazania nových kontaktov. Najviac zastúpené profesie z oblasti informačných technológií, ľudských zdrojov, dizajnu a žurnalistik...

Description complète

Enregistré dans:
Détails bibliographiques
Auteur principal: Mravčák, Alexander
Format: Chapitre de livre
Langue:slovaque
Sujets:
Tags: Ajouter un tag
Pas de tags, Soyez le premier à ajouter un tag!

MARC

LEADER 00000naa a2200000 4500
001 0152710
005 20231113071430.3
041 0 |a slo 
044 |a SK 
245 1 0 |a Svetový coworking v Prahe  |c Alexander Mravčák 
520 |a Informácie o najväčšom česko-slovenskom coworkingovom stredisku Hub Praha. Poskytnutie spoločných priestorov pre podnikateľov. Eliminácia nevýhod práce z domu. Možnosť nadviazania nových kontaktov. Najviac zastúpené profesie z oblasti informačných technológií, ľudských zdrojov, dizajnu a žurnalistiky. Čo ponúka coworkingové stredisko pre záujemcov. Hub - medzinárodný koncept s 36 pobočkami na šiestich kontinentoch. 
610 2 0 |a podnikanie 
610 2 0 |a podnikatelia 
610 2 0 |a podmienky pracovné 
610 2 0 |a práca 
610 2 0 |a priestor pracovný 
610 2 0 |a kancelárie 
610 2 0 |a coworking 
100 1 |a Mravčák, Alexander